ბათუმის შოთა რუსთაველის სახელმწიფო უნივერსიტეტის ბიბლიოთეკა

Tourism, transport and travel management / (ბიბ.ჩანაწერი № 57764)

000 -LEADER
fixed length control field 00755cam a22002418i 4500
001 - CONTROL NUMBER
control field 20690962
005 - DATE AND TIME OF LATEST TRANSACTION
control field 20201105133644.0
008 - FIXED-LENGTH DATA ELEMENTS--GENERAL INFORMATION
fixed length control field 180928s2019 enk b 001 0 eng
010 ## - LIBRARY OF CONGRESS CONTROL NUMBER
LC control number 2018045741
020 ## - INTERNATIONAL STANDARD BOOK NUMBER
International Standard Book Number 9781138557444 (pbk : alk. paper)
041 ## - LANGUAGE CODE
Language code of text/sound track or separate title eng
080 ## - UNIVERSAL DECIMAL CLASSIFICATION NUMBER
Universal Decimal Classification number 338.48 D-55
100 1# - MAIN ENTRY--PERSONAL NAME
Personal name Dileep, M. R.
Fuller form of name (Madhav R.),
Relator term author.
9 (RLIN) 9715
245 10 - TITLE STATEMENT
Title Tourism, transport and travel management /
Statement of responsibility, etc. M.R. Dileep.
264 #1 - PRODUCTION, PUBLICATION, DISTRIBUTION, MANUFACTURE, AND COPYRIGHT NOTICE
Place of production, publication, distribution, manufacture New York, NY :
Name of producer, publisher, distributor, manufacturer Routledge,
Date of production, publication, distribution, manufacture, or copyright notice 2019.
300 ## - PHYSICAL DESCRIPTION
Extent 470 pages
Other physical details 25 cm.
650 #0 - SUBJECT ADDED ENTRY--TOPICAL TERM
Topical term or geographic name entry element Tourism
General subdivision Management.
9 (RLIN) 8886
650 #0 - SUBJECT ADDED ENTRY--TOPICAL TERM
Topical term or geographic name entry element Transportation
General subdivision Passenger traffic.
9 (RLIN) 9716
653 ## - INDEX TERM--UNCONTROLLED
keyword ტურიზმი
653 ## - INDEX TERM--UNCONTROLLED
keyword მენეჯმენტი
653 ## - INDEX TERM--UNCONTROLLED
keyword ეკონომიკა
942 ## - ADDED ENTRY ELEMENTS (KOHA)
Source of classification or shelving scheme
Koha item type წიგნი
ეგზემპლარები
Withdrawn status Lost status Source of classification or shelving scheme Damaged status Not for loan Permanent Location Current Location Shelving location Date acquired Cost, normal purchase price Full call number Barcode Date last seen Copy number Price effective from Koha item type Public note
          ბათუმის შოთა რუსთაველის სახელმწიფო უნივერსიტეტის მთავარი ბიბლიოთეკა ბათუმის შოთა რუსთაველის სახელმწიფო უნივერსიტეტის მთავარი ბიბლიოთეკა წიგნსაცავი 2020-11-05 147.00 338.48 D-55 61109 2020-11-05 61109 2020-11-05 წიგნი 147 ლ.